Top 10 Najmniejszych Państw Świata - Statystyki

Ogólne statystyki
  • Ten quiz został rozwiązany 128 razy
  • Średni wynik to 6 z 10
Statystyki odpowiedzi
Miejsce Powierzchnia Ludność Państwo % Poprawnych
1. 0,44 km2 806 Watykan
100%
5. 61,6 km2 30 013 San Marino
90%
2. 1,95 km2 33 000 Monako
84%
6. 160 km2 34 761 Liechtenstein
71%
10. 316 km2 412 996 Malta
64%
3. 21,3 km2 14 019 Nauru
50%
4. 26 km2 12 373 Tuvalu
47%
7. 181 km2 62 000 Wyspy Marshalla
43%
8. 261 km2 42 696 Saint Kitts i Nevis
36%
9. 298 km2 396 334 Malediwy
32%
Nie znaleziono quizów pasujących do podanych kryteriów
Rozkład punktacji
Procent ludzi z każdym wynikiem
Percentyl według liczby udzielonych odpowiedzi
Twoja historia wyników
Nie rozwiązałeś tego quizu